Story of integration: a new interpretation (Record no. 352194)

000 -LEADER
fixed length control field 00557cam a22001577a 4500
008 - FIXED-LENGTH DATA ELEMENTS--GENERAL INFORMATION
fixed length control field 180718b1981 xxu||||| |||| 00| 0 eng d
082 ## - DEWEY DECIMAL CLASSIFICATION NUMBER
Classification number C43x54 R162
100 ## - MAIN ENTRY--PERSONAL NAME
Personal name Rangaswami, Vanaja
245 ## - TITLE STATEMENT
Title Story of integration: a new interpretation
Statement of responsibility, etc. by Vanaja Rangaswami
260 ## - PUBLICATION, DISTRIBUTION, ETC.
Place of publication, distribution, etc. Delhi
Name of publisher, distributor, etc. Mahohar
Date of publication, distribution, etc. 1981
300 ## - PHYSICAL DESCRIPTION
Extent 392p.
650 ## - SUBJECT ADDED ENTRY--TOPICAL TERM
Topical term or geographic name entry element Cochin (Princely State) --Politics and government
650 ## - SUBJECT ADDED ENTRY--TOPICAL TERM
Topical term or geographic name entry element Travancore (Princely State) --Politics and government
650 ## - SUBJECT ADDED ENTRY--TOPICAL TERM
Topical term or geographic name entry element Mysore (Princely State) --Politics and government
650 ## - SUBJECT ADDED ENTRY--TOPICAL TERM
Topical term or geographic name entry element Federal government --India
Holdings
Withdrawn status Lost status Damaged status Not for loan Permanent Location Current Location Date acquired Full call number Barcode Date last seen Price effective from Koha item type
        Indian Institute of Public Administration Indian Institute of Public Administration 1993-11-20 C43x54 R162 57834 2018-07-21 2018-07-21 Book

Powered by Koha